00367 2200145 4500001002100000008004100021035002000062245003900082260002100121300001500142084001700157082001100174650002400185990001200209INLIS000000000001455 ind  a0010-0722001004 aSejarah Nabi MuhammadcIbnu Katsir aSolo:bAt-Tibyan a304c23 cm a297.91 IBN s a297.91 aZaman Nabi Muhammad aDI.1915